000 00936nam a2200349Ia 4500
005 20260514124401.0
008 008 261405s9999 xx 000 0 eng d
037 _aThesis
040 _aCRL
040 _beng
040 _cCRL
041 _2eng
041 _aeng
084 _qCRL
100 _aDogra Dr.Vipul
_91239739
245 0 _aRandomized Trial to Evaluate Systemic Inflammatory Response After Total Extrapetitoneal Repair and Transabdominal Preperitoneal Repair for Inguinal Hernia.
260 _aDelhi
260 _bUniversity of Delhi
260 _c2016
300 _a65p.
502 _bPh.D.
502 _cUniversity of Delhi
502 _d2016
541 _oThesis
650 _aGeneral Surgery
700 _aAjay Kumar
700 _aDr.Manoj Andley
_91239456
700 _aDr.Vipul Kumar
_91239740
710 _aGeneral Surgery
_91239711
942 _cTH
999 _c1851780
_d1851780